[Event "AUTO-OPEN-2722"]
[Site "http://www.queenalice.com/game.php?id=1075736"]
[Date "2012.6.24"]
[Round "1"]
[White "Boeing"]
[Black "tomazkesvas"]
[Result "1-0"]
[WhiteElo "1876"]
[BlackElo "1100"]

1. e4 c5 2. c4 e6 3. Nf3 Nc6 4. Bd3 Be7 5. O-O Nd4 6. Nxd4 cxd4 7. e5 d6 8. exd6
Bxd6 9. g3 Ne7 10. Qg4 O-O 11. c5 e5 12. Qh4 Bc7 13. Qxh7# 1-0

[Event "AUTO-OPEN-2722"]
[Site "http://www.queenalice.com/game.php?id=1075737"]
[Date "2012.6.24"]
[Round "1"]
[White "tomazkesvas"]
[Black "Boeing"]
[Result "1-0"]
[WhiteElo "1100"]
[BlackElo "1897"]

1. d4 d5 2. c4 dxc4 3. Qa4+ Bd7 4. Qxc4 b5 5. Qb3 a6 6. e3 Be6 7. Qd1 Nf6 8. Nc3
Nc6 9. Nge2 b4 10. Na4 a5 11. Nf4 g5 12. Nxe6 fxe6 13. Bb5 Qd5 14. Bxc6+ Qxc6
15. O-O h5 16. Nc5 g4 17. Qa4 Qxa4 18. Nxa4 Bg7 19. Nc5 Kf7 20. e4 Nh7 21. Bf4
Bxd4 22. Nd7 Bxb2 23. Rad1 Nf6 24. Bxc7 Ra7 25. Ne5+ Bxe5 26. Bxe5 Rc8 27. f4
Nxe4 28. f5 exf5 29. Rxf5+ Ke6 30. Rxh5 Rc2 31. Bd4 Rd7 32. Rh6+ Nf6 33. Re1+
Kf7 34. Bxf6 exf6 35. Rh7+ Kg6 36. Rxd7 Rxa2 37. Rdd1 Rc2 38. Ra1 Rc5 39. Re4 f5
40. Ree1 b3 41. Reb1 Rb5 42. Kf2 f4 43. Ke2 Kg5 44. Kd2 f3 45. gxf3 gxf3 46. Kc3
Kh4 47. Rf1 b2 48. Rab1 a4 49. Rxb2 Rc5+ 50. Kb4 Rg5 51. Rxf3 Rg4+ 52. Ka3 1-0

[Event "AUTO-OPEN-2722"]
[Site "http://www.queenalice.com/game.php?id=1075767"]
[Date "2012.6.24"]
[Round "1"]
[White "FerreiraAzevedo"]
[Black "tomazkesvas"]
[Result "1-0"]
[WhiteElo "2665"]
[BlackElo "1100"]

1. d4 Nf6 2. c4 e6 3. Nc3 Bb4 4. Nf3 Bxc3+ 5. bxc3 O-O 6. Qc2 g6 7. e4 d5 8. e5
Ne4 9. Bd3 f5 10. exf6 Qxf6 11. Bxe4 dxe4 12. Qxe4 Nd7 13. O-O Qf5 14. Re1 Qxe4
15. Rxe4 Nb6 16. Ne5 Na4 17. Bh6 Rf5 18. g4 Rf6 19. Re3 c5 20. dxc5 Nxc5 21. Rd1
Rf8 22. Rf3 Nd7 23. Rxf8+ Nxf8 24. Rd8 1-0

[Event "AUTO-OPEN-2722"]
[Site "http://www.queenalice.com/game.php?id=1075768"]
[Date "2012.6.24"]
[Round "1"]
[White "tomazkesvas"]
[Black "JeanCanada"]
[Result "1-0"]
[WhiteElo "1100"]
[BlackElo "1591"]

1. d4 d5 2. c4 dxc4 3. e3 Be6 4. Nc3 b6 5. d5 Bf5 6. e4 Bg4 7. Qxg4 c6 8. Bxc4
b5 9. Bb3 b4 10. Na4 cxd5 11. Bxd5 Na6 12. Bxa8 Qxa8 13. Be3 Kd8 14. O-O-O+ Ke8
15. Qd7# 1-0

[Event "AUTO-OPEN-2722"]
[Site "http://www.queenalice.com/game.php?id=1075769"]
[Date "2012.6.24"]
[Round "1"]
[White "JeanCanada"]
[Black "tomazkesvas"]
[Result "0-1"]
[WhiteElo "1591"]
[BlackElo "1100"]

1. e4 c5 2. c4 e5 3. Nf3 Nc6 4. d3 Nd4 5. Nxe5 Qf6 6. f4 Bd6 7. Nf3 Bxf4 8. Nc3
Ne7 9. Nb5 Nec6 10. g3 Nxf3+ 11. Qxf3 Bd2+ 12. Bxd2 Qxf3 13. Nd6+ Kf8 14. Rg1
Nd4 15. Rg2 Nc2# 0-1

[Event "AUTO-BEG-547"]
[Site "http://www.queenalice.com/game.php?id=1077483"]
[Date "2012.6.29"]
[Round "1"]
[White "tomazkesvas"]
[Black "MrDJRVD"]
[Result "0-1"]
[WhiteElo "1109"]
[BlackElo "1399"]

1. e4 c5 2. Nf3 d6 3. Bb5+ Bd7 4. Nc3 g6 5. a4 Bg7 6. d4 cxd4 7. Nxd4 Qa5 8. O-O
a6 9. Nb3 Qd8 10. Bxd7+ Nxd7 11. Qd3 Ngf6 12. Nd5 O-O 13. Nxf6+ Nxf6 14. h3 Qc7
15. c3 Qb6 16. c4 Rfc8 17. Be3 Qb4 18. Rfc1 Nd7 19. Bd2 Qb6 20. Rab1 Ne5 21. c5
Nxd3 22. cxb6 Nxc1 23. Rxc1 Bxb2 24. Rc7 Rxc7 25. bxc7 Rc8 26. Ba5 Kf8 27. g3
Ke8 28. Nd2 Kd7 29. Nc4 Bd4 30. Bb6 Bc5 31. e5 Bxb6 32. Nxb6+ Kxc7 33. Nxc8 Kxc8
34. exd6 exd6 35. f3 Kc7 36. Kf2 Kc6 0-1

[Event "AUTO-BEG-547"]
[Site "http://www.queenalice.com/game.php?id=1077484"]
[Date "2012.6.29"]
[Round "1"]
[White "MrDJRVD"]
[Black "tomazkesvas"]
[Result "1-0"]
[WhiteElo "1394"]
[BlackElo "1121"]

1. d4 Nf6 2. e3 e6 3. Nf3 Nc6 4. g3 d6 5. Bg2 Bd7 6. O-O Be7 7. c4 O-O 8. Qb3
Na5 9. Qc3 b6 10. Ng5 d5 11. Nd2 Rb8 12. Ngf3 Ne4 13. Nxe4 dxe4 14. Nd2 f5 15.
b3 Nc6 16. Bb2 Bb4 17. Qc1 a5 18. Bc3 Bxc3 19. Qxc3 Qe7 20. Rad1 e5 21. dxe5
Nxe5 22. Nb1 Nf3+ 23. Bxf3 exf3 24. Rd4 c5 25. Rf4 g5 26. Rxf3 g4 27. Rf4 Qf6
28. Qxf6 Rxf6 29. e4 b5 30. cxb5 Rxb5 31. Nc3 Rb4 32. Nd5 Rxe4 33. Nxf6+ 1-0

[Event "AUTO-BEG-547"]
[Site "http://www.queenalice.com/game.php?id=1077485"]
[Date "2012.6.29"]
[Round "1"]
[White "tomazkesvas"]
[Black "Cuyo"]
[Result "0-1"]
[WhiteElo "1134"]
[BlackElo "1372"]

1. d4 d5 2. c4 c6 3. Nc3 Bf5 4. e3 Nf6 5. f3 e6 6. a3 Be7 7. e4 dxe4 8. Be2 O-O
9. g4 exf3 10. Bxf3 Bg6 11. Nge2 Nbd7 12. Ng3 e5 13. Be4 exd4 14. Qxd4 Bc5 15.
Qd3 Nxg4 16. Nd1 Re8 17. h3 Bxe4 18. Nxe4 Qh4+ 0-1

[Event "AUTO-BEG-547"]
[Site "http://www.queenalice.com/game.php?id=1077486"]
[Date "2012.6.29"]
[Round "1"]
[White "Cuyo"]
[Black "tomazkesvas"]
[Result "1-0"]
[WhiteElo "1381"]
[BlackElo "1127"]

1. c4 e6 2. d4 Nf6 3. Nc3 Bb4 4. Bg5 Bxc3+ 5. bxc3 O-O 6. e4 h6 7. Bxf6 Qxf6 8.
e5 Qe7 9. g3 c6 10. f4 f6 11. exf6 Qxf6 12. Bd3 d6 13. Qb3 Re8 14. O-O-O d5 15.
Nh3 Nd7 16. Rde1 b6 17. Bb1 Nf8 18. Nf2 1-0

[Event "AUTO-BEG-548"]
[Site "http://www.queenalice.com/game.php?id=1079685"]
[Date "2012.7.5"]
[Round "1"]
[White "Gabrielhess"]
[Black "tomazkesvas"]
[Result "0-1"]
[WhiteElo "1176"]
[BlackElo "1059"]

1. e4 e5 2. Nf3 Nc6 3. Bc4 Bc5 4. b4 Bb6 5. c3 Qe7 6. a3 Nf6 7. O-O Nxe4 8. Re1
Bxf2+ 9. Kh1 Bxe1 10. Qxe1 f5 11. d3 Nf6 12. b5 Na5 13. Ba2 d6 14. Bg5 h6 15.
Bh4 g5 16. Bf2 Bd7 17. c4 b6 18. Nc3 O-O-O 19. Rc1 d5 20. cxd5 g4 21. Nxe5 Rde8
22. Nc6 Qxe1+ 0-1

[Event "AUTO-BEG-548"]
[Site "http://www.queenalice.com/game.php?id=1079686"]
[Date "2012.7.5"]
[Round "1"]
[White "tomazkesvas"]
[Black "Gabrielhess"]
[Result "0-1"]
[WhiteElo "1100"]
[BlackElo "1214"]

1. d4 f5 2. e3 Nf6 3. Bd3 e6 4. Nf3 d5 5. O-O Bd6 6. Nc3 O-O 7. Ne5 Nbd7 8. Nb5
Nxe5 9. Nxd6 Qxd6 10. f4 Nxd3 11. Qxd3 Ne4 12. c3 b5 13. Qxb5 Ba6 14. Qb4 Bxf1
15. Qxd6 Nxd6 16. Kxf1 Ne4 17. Ke2 Rf6 0-1

[Event "AUTO-BEG-548"]
[Site "http://www.queenalice.com/game.php?id=1079697"]
[Date "2012.7.5"]
[Round "1"]
[White "Andre_ssp"]
[Black "tomazkesvas"]
[Result "1-0"]
[WhiteElo "1333"]
[BlackElo "1100"]

1. e4 e5 2. Bc4 Bc5 3. d3 Nc6 4. Qf3 Qe7 5. h4 Nf6 6. c3 d6 7. Bg5 Bg4 8. Qg3 h6
9. Bxf6 Qxf6 10. Qxg4 Qxf2+ 11. Kd1 O-O 12. Nh3 Qf6 13. Nd2 Ne7 14. h5 Rad8 15.
Rf1 1-0

[Event "AUTO-BEG-548"]
[Site "http://www.queenalice.com/game.php?id=1079698"]
[Date "2012.7.5"]
[Round "1"]
[White "tomazkesvas"]
[Black "Andre_ssp"]
[Result "0-1"]
[WhiteElo "1090"]
[BlackElo "1593"]

1. d4 Nf6 2. c4 d5 3. Nc3 dxc4 4. Qa4+ Nc6 5. e3 Bd7 6. Qxc4 e6 7. Bd2 Na5 8.
Qd3 Bc6 9. O-O-O b6 10. Nb5 a6 11. Bxa5 Bxb5 12. Qc3 Bxf1 13. Qc6+ Nd7 14. Rxf1
bxa5 15. Nf3 Bd6 16. Ne5 Bxe5 17. dxe5 O-O 18. Qc3 c5 19. f4 Qb6 20. Rd1 Rfd8
21. Kb1 a4 22. a3 c4 23. Rhe1 Rab8 24. Rd2 Nc5 25. Rxd8+ Rxd8 0-1

[Event "AUTO-BEG-548"]
[Site "http://www.queenalice.com/game.php?id=1079703"]
[Date "2012.7.5"]
[Round "1"]
[White "Kinicky"]
[Black "tomazkesvas"]
[Result "0-1"]
[WhiteElo "967"]
[BlackElo "1064"]

1. e4 e5 2. Nf3 Nc6 3. c4 Nf6 4. d3 h6 5. g4 Nxg4 6. h3 Nf6 7. h4 Bd6 8. b3 Nd4
9. Bg2 Nxf3+ 10. Bxf3 Bb4+ 11. Bd2 Bxd2+ 12. Kxd2 d6 13. Nc3 c6 14. Kc1 Qa5 15.
Ne2 Ng4 16. Rg1 Nxf2 17. Qd2 Qxd2+ 18. Kxd2 g6 19. Rg2 Nh3 20. Rh1 Be6 21. Bg4
Bxg4 22. Rxg4 Nf2 23. Rg2 Nxh1 24. Rh2 O-O-O 25. Rxh1 f5 26. Rg1 fxe4 27. dxe4
Rdg8 28. Rf1 g5 29. hxg5 Rxg5 30. Rf2 h5 31. b4 h4 32. Rh2 h3 33. Rf2 h2 34.
Rxh2 Rxh2 35. a4 Rgg2 0-1

[Event "AUTO-BEG-548"]
[Site "http://www.queenalice.com/game.php?id=1079704"]
[Date "2012.7.5"]
[Round "1"]
[White "tomazkesvas"]
[Black "Kinicky"]
[Result "1-0"]
[WhiteElo "1098"]
[BlackElo "924"]

1. d4 d5 2. c4 dxc4 3. e3 Nd7 4. Bxc4 e5 5. Qf3 Ngf6 6. Nh3 c5 7. Ng5 h6 8. Nxf7
Ke7 9. Nxd8 Kxd8 10. O-O e4 11. Qe2 Rb8 12. Nc3 a6 13. dxc5 Bxc5 14. Rd1 b5 15.
Be6 Rb6 16. Nd5 Rxe6 17. Nxf6 Rxf6 18. Qg4 Ke8 19. Qxg7 Rhf8 20. Qg3 Rxf2 21.
Qxf2 Rxf2 22. Kxf2 Ne5 23. Rd5 Ng4+ 24. Kg3 Bxe3 25. Bxe3 Nxe3 26. Re5+ Kd8 27.
Rxe4 Nf5+ 28. Kf4 a5 29. Rd1+ Bd7 30. Rxd7+ Kxd7 31. Kxf5 Kd6 32. Re5 Kc6 33.
Kg6 1-0

[Event "Challenge"]
[Site "http://www.queenalice.com/game.php?id=1080297"]
[Date "2012.7.7"]
[Round "-"]
[White "rlenttini"]
[Black "tomazkesvas"]
[Result "1-0"]
[WhiteElo "1100"]
[BlackElo "1087"]

1. d4 Nf6 2. Bf4 e6 3. Nf3 h6 4. e3 Nc6 5. Bc4 d5 6. Bb5 Bd6 7. O-O Bxf4 8. exf4
Bd7 9. Nc3 a6 10. Bxc6 Bxc6 11. Ne5 O-O 12. Re1 Ne4 13. f3 Nxc3 14. bxc3 Be8 15.
c4 c6 16. c5 f6 17. Nd3 Bg6 18. Rxe6 Bxd3 19. Qxd3 Re8 20. Rae1 Qc7 21. Rxe8+
1-0

[Event "Challenge"]
[Site "http://www.queenalice.com/game.php?id=1081342"]
[Date "2012.7.10"]
[Round "-"]
[White "tomazkesvas"]
[Black "plot24"]
[Result "0-1"]
[WhiteElo "1059"]
[BlackElo "1789"]

1. d4 d5 2. c4 e6 3. e3 Nf6 4. Bd3 c6 5. Nf3 Nbd7 6. O-O Qc7 7. h3 e5 8. dxe5
Nxe5 9. Nxe5 Qxe5 10. cxd5 Nxd5 11. Kh1 Bd6 12. f4 Qe7 13. Re1 O-O 14. Qf3 Nxf4
15. Be4 Ne6 16. Bc2 Nd4 17. Qe4 Nxc2 18. Qxc2 Qh4 0-1